[Event "EU Small Countries blitz op 8th"]
[Site "St Helier"]
[Date "2023.11.02"]
[Round "6"]
[White "Nielsen, Hogni Egilstoft"]
[Black "Poulsen, Martin"]
[Result "1-0"]
[WhiteElo "2407"]
[BlackElo "2235"]
[PlyCount "71"]
[EventDate "2023.11.02"]
[EventType "swiss (blitz)"]
[EventRounds "11"]
[EventCountry "GCI"]
[SourceTitle "CB46_2023"]
[SourceDate "2023.11.15"]
[SourceVersion "1"]
[SourceVersionDate "2023.11.15"]
[SourceQuality "1"]

1. g3 f5 2. Bg2 Nf6 3. Nf3 g6 4. 0-0 Bg7 5. b3 0-0 6. Bb2 d6 7. d4 c6 8. Nbd2 Na6 9. Re1 Nh5 10. e3 Nc7 11. a4 Qe8 12. Nc4 Be6 13. a5 Bxc4 14. bxc4 Rd8 15. Rb1 Na6 16. d5 Bxb2 17. Rxb2 Qd7 18. Nd4 c5 19. Ne6 Nf6 20. Qf3 Rb8 21. Nxf8 Kxf8 22. e4 Qa4 23. e5 Qxa5 24. Rbb1 Nd7 25. exd6 exd6 26. Re6 Ne5 27. Qf4 Qd8 28. Qh6+ Kg8 29. Re1 Nc7 30. f4 Ng4 31. Qh3 Nxe6 32. Rxe6 Qd7 33. Bf3 Qa4 34. Re7 Nf6 35. Qh6 Qa1+ 36. Kg2 1-0

[Event "FAI-ch"]
[Site "Torshavn"]
[Date "2023.04.02"]
[Round "2"]
[White "Ziska, Helgi Dam"]
[Black "Poulsen, Martin"]
[Result "1-0"]
[WhiteElo "2543"]
[BlackElo "2317"]
[PlyCount "69"]
[EventDate "2023.04.01"]
[EventType "tourn"]
[EventRounds "7"]
[EventCountry "FAI"]
[EventCategory "2"]
[SourceTitle "CBM 213 Extra"]
[Source "ChessBase"]
[SourceDate "2023.05.31"]
[SourceVersion "1"]
[SourceVersionDate "2023.05.31"]
[SourceQuality "1"]

1. e4 e6 2. d4 d5 3. Nd2 dxe4 4. Nxe4 Nd7 5. Nf3 Ngf6 6. Bd3 Nxe4 7. Bxe4 Nf6 8. Bg5 h6 9. Bxf6 gxf6 10. Qe2 c6 11. 0-0 Bg7 12. Rfd1 0-0 13. c4 Re8 14. Rac1 Qe7 15. Qe3 e5 16. Bc2 e4 17. Ne1 f5 18. g3 c5 19. dxc5 Bxb2 20. Rb1 Bg7 21. Ba4 Rd8 22. Rxd8+ Qxd8 23. c6 Qe7 24. Nd3 Qd6 25. cxb7 Bxb7 26. Rxb7 exd3 27. Rd7 Qb4 28. Bb3 d2 29. Rxd2 a5 30. c5 Rc8 31. c6 a4 32. Bd5 Qb1+ 33. Kg2 Qc1 34. Bxf7+ Kh8 35. Rd8+ 1-0

[Event "FAI-ch Landslidsbolkur playoff"]
[Site "Klaksvik"]
[Date "2021.04.03"]
[Round "1"]
[White "Nielsen, Hogni Egilstoft"]
[Black "Poulsen, Martin"]
[Result "1-0"]
[WhiteElo "2383"]
[BlackElo "2285"]
[PlyCount "69"]
[EventDate "2021.04.03"]
[EventType "match (rapid)"]
[EventRounds "4"]
[EventCountry "FAI"]
[SourceTitle "CBM 201 Extra"]
[Source "ChessBase"]
[SourceDate "2021.05.31"]
[SourceVersion "1"]
[SourceVersionDate "2021.05.31"]
[SourceQuality "1"]

1. e4 d5 2. exd5 Qxd5 3. d4 Nc6 4. Nf3 Bg4 5. Be2 0-0-0 6. Be3 e5 7. c4 Qa5+ 8. Bd2 Qa6 9. d5 Bxf3 10. Bxf3 Nd4 11. b3 Qg6 12. 0-0 Nf6 13. Nc3 Bd6 14. Be3 Nc2 15. Ne4 Nxa1 16. Nxd6+ Rxd6 17. Qxa1 e4 18. Be2 b6 19. a4 Ng4 20. Bf4 Rf6 21. Bg3 h5 22. h3 e3 23. hxg4 exf2+ 24. Rxf2 Re8 25. Qd4 Re4 26. Rxf6 gxf6 27. Qd2 Re8 28. Qf4 Re7 29. gxh5 Qb1+ 30. Kh2 Qxb3 31. Bg4+ Kb7 32. d6 cxd6 33. Qxd6 Re3 34. Bc8+ Kxc8 35. Qc7# 1-0

[Event "FAI-ch Landslidsbolkur playoff"]
[Site "Klaksvik"]
[Date "2021.04.03"]
[Round "3"]
[White "Nielsen, Hogni Egilstoft"]
[Black "Poulsen, Martin"]
[Result "1/2-1/2"]
[WhiteElo "2383"]
[BlackElo "2285"]
[PlyCount "132"]
[EventDate "2021.04.03"]
[EventType "match (rapid)"]
[EventRounds "4"]
[EventCountry "FAI"]
[SourceTitle "CBM 201 Extra"]
[Source "ChessBase"]
[SourceDate "2021.05.31"]
[SourceVersion "1"]
[SourceVersionDate "2021.05.31"]
[SourceQuality "1"]

1. e4 d5 2. exd5 Qxd5 3. Nc3 Qd6 4. d4 Nf6 5. Be2 Nc6 6. Be3 Bf5 7. Nf3 a6 8. Qd2 e5 9. dxe5 Nxe5 10. 0-0-0 0-0-0 11. Nxe5 Qxd2+ 12. Rxd2 Rxd2 13. Bxd2 Be6 14. Bc4 Bxc4 15. Nxc4 Bc5 16. Be3 Bb4 17. Bd4 Nh5 18. a3 Be7 19. Be3 Nf6 20. h3 Bd8 21. Rd1 Re8 22. Nd5 Ne4 23. Re1 h6 24. Bd4 Re6 25. f3 Ng3 26. Rxe6 fxe6 27. Nc3 b5 28. Nd2 g5 29. Nde4 Nf5 30. Bf6 Nh4 31. Bxd8 Kxd8 32. Kd2 Nxg2 33. Ne2 Nh4 34. Ke3 Nf5+ 35. Kf2 Ke7 36. f4 gxf4 37. Nxf4 Nd4 38. c3 Nc6 39. Nc5 a5 40. Ncxe6 b4 41. cxb4 axb4 42. a4 Na5 43. Nc5 b3 44. Nfd3 Kd6 45. Ke3 Kd5 46. Kd2 Kc4 47. Ne6 c6 48. Ng7 Kd4 49. Nb4 c5 50. Na6 Nc4+ 51. Kc1 Nb6 52. Nf5+ Ke5 53. Nxh6 Nxa4 54. Ng4+ Kf4 55. Nf2 Kg3 56. Kd2 Nxb2 57. Kc3 Na4+ 58. Kxb3 Nb6 59. Nxc5 Kxf2 60. h4 Nd5 61. h5 Nf6 62. h6 Kf3 63. Nd7 Nh7 64. Kc4 Kf4 65. Kd5 Kg5 66. Ne5 Kxh6 1/2-1/2

[Event "FAI-ch Landslidsbolkur playoff"]
[Site "Klaksvik"]
[Date "2021.04.03"]
[Round "4"]
[White "Poulsen, Martin"]
[Black "Nielsen, Hogni Egilstoft"]
[Result "0-1"]
[WhiteElo "2285"]
[BlackElo "2383"]
[PlyCount "112"]
[EventDate "2021.04.03"]
[EventType "match (rapid)"]
[EventRounds "4"]
[EventCountry "FAI"]
[SourceTitle "CBM 201 Extra"]
[Source "ChessBase"]
[SourceDate "2021.05.31"]
[SourceVersion "1"]
[SourceVersionDate "2021.05.31"]
[SourceQuality "1"]

1. g3 Nf6 2. Bg2 d5 3. Nf3 c6 4. d3 Bf5 5. c4 dxc4 6. Ne5 e6 7. Nxc4 Be7 8. 0-0 0-0 9. b3 Bg6 10. Bb2 Nbd7 11. Nc3 Nd5 12. Ne4 N7f6 13. Rc1 Nb6 14. Qc2 Nxc4 15. Qxc4 Qa5 16. Bc3 Qb6 17. Nxf6+ Bxf6 18. Bxf6 gxf6 19. Qh4 Kg7 20. Be4 Rad8 21. Bf3 Rd4 22. Qh3 a5 23. Rfd1 Rfd8 24. Qf1 a4 25. Rb1 Qc7 26. b4 a3 27. Rdc1 Qb6 28. Qe1 Ra8 29. Rb3 h5 30. h4 f5 31. Qc3 Kh7 32. Rcb1 f4 33. Kg2 fxg3 34. fxg3 Ra4 35. Qc5 Qd8 36. Bxh5 Rd5 37. Bxg6+ Kxg6 38. Qe3 Qf6 39. Rf1 Qe5 40. Qf3 f5 41. Rbb1 Rd4 42. b5 cxb5 43. Qxb7 Rg4 44. Qf3 Rab4 45. Rxb4 Rxb4 46. Rc1 Rb2 47. Re1 Rxa2 48. Kf2 Rb2 49. Qa8 a2 50. Qg8+ Kh6 51. Qf8+ Qg7 52. Qe8 Rb1 53. Qxe6+ Kh7 54. Qxf5+ Kg8 55. Qd5+ Qf7+ 56. Qxf7+ Kxf7 0-1

[Event "FAI-chT 2021"]
[Site "Faroe Islands"]
[Date "2020.11.22"]
[Round "5.2"]
[White "Poulsen, Martin"]
[Black "Nielsen, Hogni Egilstoft"]
[Result "1-0"]
[WhiteElo "2284"]
[BlackElo "2396"]
[PlyCount "71"]
[EventDate "2020.10.04"]
[EventType "team-tourn"]
[EventRounds "10"]
[EventCountry "FAI"]
[SourceTitle "EXT 2022"]
[Source "ChessBase"]
[SourceDate "2021.10.06"]
[SourceVersion "1"]
[SourceVersionDate "2021.10.06"]
[SourceQuality "1"]
[WhiteTeam "Havnin"]
[BlackTeam "Sandavagur"]
[WhiteTeamCountry "FAI"]
[BlackTeamCountry "FAI"]

1. b3 d5 2. Bb2 Nf6 3. e3 Bf5 4. f4 e6 5. Nf3 Nbd7 6. Be2 h6 7. 0-0 Bd6 8. Ne5 c6 9. c4 Qc7 10. Nxd7 Qxd7 11. cxd5 exd5 12. Na3 Qe7 13. Nc2 0-0 14. Nd4 Bh7 15. Nf3 Nd7 16. Qe1 Ba3 17. Qc1 Bxb2 18. Qxb2 Rfe8 19. Rfe1 a5 20. a3 Nc5 21. b4 axb4 22. axb4 Nd3 23. Bxd3 Bxd3 24. Qc3 Be4 25. Nd4 Qd6 26. Ne2 h5 27. Ng3 h4 28. Nxe4 dxe4 29. Red1 Rxa1 30. Rxa1 Rd8 31. Ra2 Qe6 32. Ra1 Qg4 33. h3 Qe2 34. Qe5 Rxd2 35. Ra8+ Kh7 36. Qf5+ 1-0

[Event "Olympiad-43"]
[Site "Batumi"]
[Date "2018.09.27"]
[Round "4.36"]
[White "O'Donnell, Conor"]
[Black "Poulsen, Martin"]
[Result "1/2-1/2"]
[WhiteElo "2360"]
[BlackElo "2239"]
[PlyCount "68"]
[EventDate "2018.09.24"]
[EventType "team-swiss"]
[EventRounds "11"]
[EventCountry "GEO"]
[SourceTitle "CBM 187"]
[Source "ChessBase"]
[SourceDate "2018.12.11"]
[SourceVersion "1"]
[SourceVersionDate "2018.12.11"]
[SourceQuality "1"]
[WhiteTeam "Ireland"]
[BlackTeam "Faroe Islands"]
[WhiteTeamCountry "IRL"]
[BlackTeamCountry "FAI"]

1. d4 f5 2. Bg5 c6 3. e3 Qb6 4. b3 g6 5. Nd2 Bg7 6. c3 Nf6 7. Bd3 d6 8. Ngf3 0-0 9. Qc2 Qc7 10. Bxf6 Bxf6 11. e4 e6 12. 0-0 c5 13. dxc5 dxc5 14. Rfe1 Nc6 15. Rad1 Bd7 16. a4 a6 17. Re2 Rad8 18. Rde1 Bc8 19. exf5 exf5 20. Nc4 Qd7 21. Nce5 Qd6 22. Nxc6 Qxc6 23. Ne5 Qc7 24. f4 Bh4 25. g3 Bf6 26. h3 Rfe8 27. Bc4+ Kg7 28. Kh2 Re7 29. Nf3 Rde8 30. Rxe7+ Rxe7 31. Rxe7+ Qxe7 32. Qd2 Qe4 33. Bd5 Qe7 34. Kg2 Kf8 1/2-1/2

[Event "FAI-chT 1718"]
[Site "Faroe Islands"]
[Date "2017.12.03"]
[Round "2.2"]
[White "Simonsen, Hans Kristian"]
[Black "Poulsen, Martin"]
[Result "0-1"]
[WhiteElo "2174"]
[BlackElo "2228"]
[PlyCount "62"]
[EventDate "2017.10.22"]
[EventType "team-tourn"]
[EventRounds "10"]
[EventCountry "FAI"]
[SourceTitle "EXT 2019"]
[Source "ChessBase"]
[SourceDate "2018.10.10"]
[SourceVersion "1"]
[SourceVersionDate "2018.10.10"]
[SourceQuality "1"]
[WhiteTeam "Kollafjordur"]
[BlackTeam "Havnin"]
[WhiteTeamCountry "FAI"]
[BlackTeamCountry "FAI"]

1. d4 g6 2. e4 Bg7 3. Be3 c5 4. Nc3 Qa5 5. Qd2 cxd4 6. Bxd4 Bxd4 7. Qxd4 Nf6 8. 0-0-0 Nc6 9. Qd2 d6 10. Kb1 Be6 11. Bd3 0-0 12. Nge2 Nb4 13. a3 Nxd3 14. cxd3 Qb6 15. d4 Bb3 16. Rc1 Rac8 17. h4 Bc4 18. Ng3 Qb3 19. h5 Rc7 20. hxg6 fxg6 21. f4 d5 22. f5 dxe4 23. fxg6 hxg6 24. Qg5 Kf7 25. Rh6 Rg8 26. Qe5 Bd3+ 27. Ka1 Rxc3 28. Rxc3 Qd1+ 29. Ka2 Bb1+ 30. Ka1 Bc2+ 31. Ka2 Qb1# 0-1

[Event "FAI-ch"]
[Site "Runavik"]
[Date "2017.04.15"]
[Round "6"]
[White "Poulsen, Martin"]
[Black "Ziska, Helgi Dam"]
[Result "0-1"]
[WhiteElo "2222"]
[BlackElo "2553"]
[PlyCount "88"]
[EventDate "2017.04.10"]
[EventType "tourn"]
[EventRounds "6"]
[EventCountry "FAI"]
[EventCategory "5"]
[SourceTitle "CBM 177 Extra"]
[Source "ChessBase"]
[SourceDate "2017.04.27"]
[SourceVersion "1"]
[SourceVersionDate "2017.04.27"]
[SourceQuality "1"]

1. b3 e5 2. Bb2 Nc6 3. c4 g6 4. g3 Bg7 5. Bg2 d6 6. Nc3 Nge7 7. Nd5 0-0 8. e3 Nxd5 9. cxd5 Nb4 10. Qb1 c6 11. dxc6 bxc6 12. a3 Nd5 13. Ne2 Rb8 14. Qc2 Qb6 15. b4 a5 16. e4 Nc7 17. 0-0 Ba6 18. d3 c5 19. Bc3 cxb4 20. axb4 axb4 21. Rfb1 Qc6 22. Rb3 Nb5 23. Rxa6 Qxa6 24. Bxb4 Nd4 25. Nxd4 Qa1+ 26. Bf1 Qxd4 27. Bd2 Qa4 28. Rb2 Qxc2 29. Rxc2 Rfc8 30. Ra2 Ra8 31. Rb2 Rab8 32. Ra2 Bf6 33. Ra6 Be7 34. Be3 Rb2 35. d4 exd4 36. Bxd4 Rb4 37. Ra7 Rxd4 38. Rxe7 Rc1 39. Re8+ Kg7 40. Kg2 Re1 41. Bb5 Rexe4 42. Rd8 Rd2 43. Rd7 Re5 44. Bc6 Ree2 0-1

[Event "FAI-ch"]
[Site "Runavik"]
[Date "2017.04.13"]
[Round "4"]
[White "Rodgaard, John"]
[Black "Poulsen, Martin"]
[Result "0-1"]
[WhiteElo "2335"]
[BlackElo "2222"]
[PlyCount "102"]
[EventDate "2017.04.10"]
[EventType "tourn"]
[EventRounds "6"]
[EventCountry "FAI"]
[EventCategory "5"]
[SourceTitle "CBM 177 Extra"]
[Source "ChessBase"]
[SourceDate "2017.04.27"]
[SourceVersion "1"]
[SourceVersionDate "2017.04.27"]
[SourceQuality "1"]

1. Nf3 Nf6 2. c4 d5 3. d4 c6 4. cxd5 cxd5 5. Nc3 Nc6 6. Bf4 a6 7. e3 Bg4 8. h3 Bxf3 9. Qxf3 Qb6 10. Rb1 e6 11. Be2 Bb4 12. 0-0 Qa5 13. Rfc1 0-0 14. Bd3 Rfc8 15. a3 Be7 16. Qd1 b5 17. b4 Qd8 18. Qb3 Nd7 19. Bf1 Nb6 20. Rc2 Nc4 21. Rd1 Qb6 22. Rcc1 Bf8 23. Ra1 a5 24. bxa5 Rxa5 25. a4 bxa4 26. Qxb6 Nxb6 27. Rdb1 Nb4 28. Nb5 Nc4 29. Bxc4 Rxc4 30. Nd6 Bxd6 31. Bxd6 Nc6 32. Rb6 Ra8 33. Rab1 h6 34. Bc5 Na5 35. Rb8+ Rxb8 36. Rxb8+ Kh7 37. Rf8 Kg6 38. Rg8 Kh7 39. Rf8 f6 40. Re8 e5 41. Ra8 Nb3 42. Bf8 exd4 43. exd4 Nxd4 44. Ra5 Ne6 45. Bd6 d4 46. Kf1 d3 47. Ke1 Nd4 48. Rd5 a3 49. Kd1 a2 50. Ra5 Nb3 51. Rxa2 Rc1# 0-1

[Event "FAI-chT 1617"]
[Site "Faroe Islands"]
[Date "2017.03.18"]
[Round "10.2"]
[White "Nielsen, Hogni Egilstoft"]
[Black "Poulsen, Martin"]
[Result "1-0"]
[WhiteElo "2270"]
[BlackElo "2222"]
[PlyCount "67"]
[EventDate "2016.10.23"]
[EventType "team-tourn"]
[EventRounds "10"]
[EventCountry "FAI"]
[SourceTitle "EXT 2020"]
[Source "ChessBase"]
[SourceDate "2019.10.17"]
[SourceVersion "1"]
[SourceVersionDate "2019.10.17"]
[SourceQuality "1"]
[WhiteTeam "Sandavagur"]
[BlackTeam "Havnin"]
[WhiteTeamCountry "FAI"]
[BlackTeamCountry "FAI"]

1. e4 d6 2. d4 e5 3. Nf3 Qe7 4. Nc3 c6 5. h3 g6 6. Be3 Bg7 7. Bd3 f5 8. dxe5 dxe5 9. exf5 gxf5 10. Ng5 Nf6 11. Bc4 Rf8 12. Nxh7 f4 13. Nxf6+ Rxf6 14. Qh5+ Kf8 15. Bd2 Bf5 16. 0-0-0 b5 17. Ne4 Bg6 18. Qg5 Bxe4 19. Bb4 Qxb4 20. Rd8+ Ke7 21. Rhd1 Bd5 22. R8xd5 cxd5 23. Qxg7+ Rf7 24. Qxe5+ Kd8 25. Bxd5 Rd7 26. Bxa8 Rxd1+ 27. Kxd1 Nd7 28. Qc3 Qd6+ 29. Qd2 Qf6 30. Bf3 Qxb2 31. Bg4 Qa1+ 32. Ke2 f3+ 33. gxf3 Qe5+ 34. Kf1 1-0

[Event "FAI-chT 1617"]
[Site "Faroe Islands"]
[Date "2016.10.23"]
[Round "1.2"]
[White "Poulsen, Martin"]
[Black "Merkistein, Suni"]
[Result "1-0"]
[WhiteElo "2222"]
[BlackElo "1954"]
[PlyCount "113"]
[EventDate "2016.10.23"]
[EventType "team-tourn"]
[EventRounds "10"]
[EventCountry "FAI"]
[SourceTitle "EXT 2020"]
[Source "ChessBase"]
[SourceDate "2019.10.17"]
[SourceVersion "1"]
[SourceVersionDate "2019.10.17"]
[SourceQuality "1"]
[WhiteTeam "Havnin"]
[BlackTeam "Havnin II"]
[WhiteTeamCountry "FAI"]
[BlackTeamCountry "FAI"]

1. c4 c5 2. Nf3 Nf6 3. d4 cxd4 4. Nxd4 Nc6 5. Nc3 g6 6. g3 d6 7. Bg2 Bd7 8. Nc2 Bg7 9. 0-0 0-0 10. b3 Ne8 11. Bb2 Nc7 12. Qd2 Ne6 13. Rfd1 Rc8 14. Ne3 a6 15. Rac1 Qa5 16. Ned5 Rfe8 17. e3 b5 18. cxb5 axb5 19. a3 b4 20. axb4 Nxb4 21. Ra1 Qc5 22. Ne4 Qc2 23. Bxg7 Nxd5 24. Bb2 Qxb3 25. Nxd6 exd6 26. Bxd5 Qc2 27. Bxe6 Rxe6 28. Qd4 f6 29. Rdc1 Qb3 30. Rxc8+ Bxc8 31. Ra8 Qb7 32. Ra7 Qb3 33. Ra8 Qb8 34. Ra7 Qb3 35. Ra3 Qb5 36. Rc3 Ba6 37. Rc1 Bb7 38. Ba3 Qf5 39. Qf4 Qd5 40. f3 Qd2 41. e4 Qd3 42. Bc5 Re5 43. Qxf6 Rxc5 44. Qd8+ Kg7 45. Rxc5 Qb1+ 46. Kg2 dxc5 47. Qe7+ Kg8 48. Qe6+ Kg7 49. Qe7+ Kg8 50. Qxc5 Qb3 51. Qc7 Qa2+ 52. Kh3 Qe6+ 53. Kg2 Qa2+ 54. Kh3 Qe6+ 55. g4 h5 56. Qxb7 hxg4+ 57. fxg4 1-0